Los pazos de Ulloa : (Record no. 194932)

MARC details
000 -LEADER
campo de control de longitud fija 01243nam a2200337 i 4500
001 - NÚMERO DE CONTROL
campo de control 194932
003 - IDENTIFICADOR DE NÚMERO DE CONTROL
campo de control SpMaBN
005 - FECHA Y HORA DE LA ÚLTIMA TRANSACCIÓN
campo de control 20250303062553.0
007 - CAMPO FIJO DE DESCRIPCIÓN FÍSICA--INFORMACIÓN GENERAL
campo de control de longitud fija ta
008 - DATOS DE LONGITUD FIJA--INFORMACIÓN GENERAL
campo de control de longitud fija 240522s1943 sp j spa
016 7# - NÚMERO DE CONTROL DE UNA AGENCIA BIBLIOGRÁFICA NACIONAL
Número de control del registro bimoBNE19995286304
Número de control cancelado/no válido IND9600679248
Fuente SpMaBN
035 ## - NÚMERO DE CONTROL DEL SISTEMA
Número de control de sistema (OCoLC)733567894
035 ## - NÚMERO DE CONTROL DEL SISTEMA
Número de control de sistema bimo0001273992
040 ## - FUENTE DE CATALOGACIÓN
Centro catalogador/agencia de origen SpMaBN
Lengua de catalogación spa
Centro/agencia transcriptor CDM
Centro/agencia modificador SpMaBN
Normas de descripción ES-MaACL
080 ## - NÚMERO DE LA CLASIFICACIÓN DECIMAL UNIVERSAL
Número de la Clasificación Decimal Universal 821.134.2-31"18"
100 1# - ENTRADA PRINCIPAL--NOMBRE DE PERSONA
Nombre de persona Pardo Bazán, Emilia,
Títulos y otros términos asociados al nombre Condesa de,
Fechas asociadas al nombre 1851-1921
Número de control del registro de autoridad o número normalizado XX1104029
9 (RLIN) 176434
245 14 - MENCIÓN DEL TÍTULO
Título Los pazos de Ulloa :
Resto del título una gran novela completa /
Mención de responsabilidad, etc. Emilia Pardo Bazán.
260 ## - PUBLICACIÓN, DISTRIBUCIÓN, ETC.
Lugar de publicación, distribución, etc. Madrid :
Nombre del editor, distribuidor, etc. Dédalo,
Fecha de publicación, distribución, etc. [1943].
300 ## - DESCRIPCIÓN FÍSICA
Extensión 47 p. ;
Dimensiones 29 cm
336 ## - TIPO DE CONTENIDO
Fuente rdacontent
Término de tipo de contenido texto
337 ## - TIPO DE MEDIO
Fuente rdamedia
Nombre/término del tipo de medio sin mediación
338 ## - TIPO DE SOPORTE
Fuente rdacarrier
Nombre/término del tipo de soporte volumen
490 1# - MENCIÓN DE SERIE
Mención de serie Novelas y cuentos
773 ## - ASIENTO DE ITEM FUENTE
Número bibliográfico anfitrión 194867
Número de ítem anfitrión 202503
Parte(s) relacionada(s) G-15982
Encabezamiento principal Obras encuadernadas juntas
830 ## - PUNTO DE ACCESO ADICIONAL DE SERIE-TÍTULO UNIFORME
9 (RLIN) 236505
Título uniforme Novelas y cuentos (Dédalo)
852 ## - LOCALIZACIÓN
Ubicación ES-MaACL
Ubicación en estantería Depósito 2
Número de control de estantería G-15982(16)
Donativo/Legado Legado: Juan Antonio Porto
Encuadernación Encuadernado con otras obras formando un volumen facticio
itemnumber 202503
903 ## - NOMBRE PERSONAL DE DONANTE
9 93285
a Porto, Juan Antonio,
q 1
d 1937-2021
e Donante
942 ## - ELEMENTOS DE ENTRADA SECUNDARIOS (KOHA)
Suprimir en OPAC No
Tipo de ítem Koha Folleto

No items available.